[Event "Lvov Buturina Memorial 2nd"]
[Site "Lvov"]
[Date "2022.11.18"]
[Round "3"]
[White "Frankiv, Oleksandr"]
[Black "Yushko, Olga"]
[Result "1-0"]
[WhiteElo "1506"]
[BlackElo "2064"]
[PlyCount "123"]
[EventDate "2022.11.18"]
[EventType "swiss (rapid)"]
[EventRounds "9"]
[EventCountry "UKR"]
[SourceTitle "CBM 212 Extra"]
[Source "ChessBase"]
[SourceDate "2023.03.31"]
[SourceVersion "1"]
[SourceVersionDate "2023.03.31"]
[SourceQuality "1"]

1. e4 d6 2. d4 e5 3. dxe5 dxe5 4. Qxd8+ Kxd8 5. Be3 Be6 6. Nc3 c6 7. 0-0-0+ Nd7 8. g3 f6 9. f4 Kc7 10. Nf3 Bd6 11. f5 Bf7 12. g4 Bb4 13. Rd3 Nc5 14. Bxc5 Bxc5 15. Na4 Bd6 16. Be2 Rd8 17. Rhd1 b5 18. Nc5 Nh6 19. Na6+ Kb6 20. Rxd6 Rxd6 21. Rxd6 Kxa6 22. g5 Ng4 23. gxf6 gxf6 24. h3 Nf2 25. Rxc6+ Kb7 26. Rxf6 Bh5 27. Rh6 Nxe4 28. Rxh5 Ng3 29. Nxe5 Nxe2+ 30. Kd1 Nf4 31. Nf7 Rg8 32. Rxh7 Rg1+ 33. Kd2 Rg2+ 34. Ke3 Nd5+ 35. Kd4 Nc7 36. Kc3 Nd5+ 37. Kb3 Rf2 38. c3 Kb6 39. Nd6 Ne3 40. Nc8+ Kc5 41. Rc7+ Kd5 42. Nxa7 Nc4 43. Nxb5 Rxb2+ 44. Ka4 Rxa2+ 45. Na3 Nxa3 46. Kb3 Ra1 47. Kb2 Rf1 48. Kxa3 Rxf5 49. Kb4 Rf3 50. Rh7 Rf1 51. c4+ Kc6 52. Rh6+ Kc7 53. Kb5 Kd7 54. Rh7+ Kc8 55. c5 Rf6 56. h4 Rf5 57. Kb6 Rf1 58. h5 Rh1 59. h6 Rh2 60. Rc7+ Kb8 61. Rg7 Rxh6+ 62. c6 1-0

[Event "Lvov Buturina Memorial 2nd"]
[Site "Lvov"]
[Date "2022.11.18"]
[Round "2"]
[White "Hnatyshyn, Anastasiya"]
[Black "Frankiv, Oleksandr"]
[Result "1-0"]
[WhiteElo "2090"]
[BlackElo "1506"]
[PlyCount "61"]
[EventDate "2022.11.18"]
[EventType "swiss (rapid)"]
[EventRounds "9"]
[EventCountry "UKR"]
[SourceTitle "CBM 212 Extra"]
[Source "ChessBase"]
[SourceDate "2023.03.31"]
[SourceVersion "1"]
[SourceVersionDate "2023.03.31"]
[SourceQuality "1"]

1. d4 d5 2. Nf3 Nf6 3. g3 Bg4 4. Bg2 e6 5. Ne5 Bf5 6. 0-0 Nbd7 7. Bf4 Bd6 8. c4 Bxe5 9. dxe5 Nh5 10. cxd5 Nxf4 11. gxf4 exd5 12. Qxd5 c6 13. Qf3 Nc5 14. Nc3 h5 15. e4 Bg4 16. Qe3 b6 17. h3 Bd7 18. Rad1 Qh4 19. Ne2 0-0-0 20. b4 Na6 21. b5 cxb5 22. Qa3 Kb7 23. e6 Bc6 24. Nd4 Rxd4 25. Rxd4 fxe6 26. e5 Rc8 27. Rd7+ Nc7 28. Bxc6+ Kxc6 29. Qd6+ Kb7 30. Rc1 Qxh3 31. Rcxc7+ 1-0

[Event "Prague Summer op-B 9th"]
[Site "Prague"]
[Date "2022.08.10"]
[Round "7"]
[White "Frankiv, Oleksandr"]
[Black "Mikhno, Artem"]
[Result "1/2-1/2"]
[WhiteElo "1330"]
[BlackElo "1535"]
[PlyCount "33"]
[EventDate "2022.08.05"]
[EventType "swiss"]
[EventRounds "9"]
[EventCountry "CZE"]
[SourceTitle "EXT 2023"]
[Source "ChessBase"]
[SourceDate "2022.10.05"]
[SourceVersion "1"]
[SourceVersionDate "2022.10.05"]
[SourceQuality "1"]

1. e4 c6 2. d4 d5 3. Nc3 dxe4 4. Nxe4 Bf5 5. Ng3 Bg6 6. Nf3 Nd7 7. Bd3 e6 8. 0-0 Bd6 9. c4 Ngf6 10. Bg5 Bxd3 11. Qxd3 h6 12. Be3 0-0 13. Ne4 Nxe4 14. Qxe4 Nf6 15. Qh4 Nd7 16. Qe4 Nf6 17. Qh4 1/2-1/2

[Event "Lvov Ivanchuk School-ch"]
[Site "Lvov"]
[Date "2017.10.13"]
[Round "1"]
[White "Frankiv, Oleksandr"]
[Black "Lebedeva, Valeriya"]
[Result "0-1"]
[WhiteElo "1095"]
[BlackElo "1522"]
[PlyCount "116"]
[EventDate "2017.10.13"]
[EventType "swiss"]
[EventRounds "9"]
[EventCountry "UKR"]
[SourceTitle "CBM 181 Extra"]
[Source "ChessBase"]
[SourceDate "2017.12.12"]
[SourceVersion "1"]
[SourceVersionDate "2017.12.12"]
[SourceQuality "1"]

1. e4 e5 2. Nf3 Nc6 3. Bc4 Bc5 4. c3 Nf6 5. d4 exd4 6. cxd4 Bb4+ 7. Nc3 0-0 8. Bg5 Be7 9. 0-0 d6 10. e5 dxe5 11. dxe5 Nd7 12. Bxe7 Qxe7 13. Re1 Qc5 14. Qd5 Nb4 15. Qxc5 Nxc5 16. Re2 Bg4 17. a3 Nc6 18. Re3 Bxf3 19. gxf3 Rae8 20. Rae1 Nd4 21. Bd3 h6 22. b4 Nxd3 23. Rxd3 Nc2 24. Re2 Nxa3 25. Rd7 Re6 26. Rxc7 Rc6 27. Rxc6 bxc6 28. Ra2 Nc4 29. f4 Ra8 30. h4 a5 31. bxa5 Rxa5 32. Rxa5 Nxa5 33. Kg2 Kf8 34. Kf3 Ke7 35. Ke4 Nb3 36. f5 Nd2+ 37. Ke3 Nc4+ 38. Kd4 Nd2 39. f4 Nf3+ 40. Kc5 Kd7 41. Ne4 Nxh4 42. Ng3 Ng2 43. Nh5 g6 44. fxg6 fxg6 45. Nf6+ Ke6 46. Kxc6 Nxf4 47. Ng8 h5 48. Nh6 h4 49. Ng4 Kf5 50. Nh2 g5 51. Kc5 g4 52. Kd4 g3 53. Nf3 Kg4 54. Ke3 h3 55. e6 h2 56. e7 Nd5+ 57. Kd4 Nxe7 58. Ne5+ Kh3 0-1